A treatise on algebraic plane curves /
Guardado en:
| Autor Principal: | |
|---|---|
| Formato: | Libro |
| Idioma: | English |
| Publicado: |
New York :
Dover,
1959.
|
| Etiquetas: |
Agregar Etiqueta
Sin Etiquetas, Sea el primero en etiquetar este registro!
|
| LEADER | 00535nam a22001575a 4500 | ||
|---|---|---|---|
| 001 | MAT.inmabb001144 | ||
| 008 | 031120r19591931nyu###########000#0#eng#d | ||
| 005 | 20180319140809.0 | ||
| 245 | 1 | 2 | |a A treatise on algebraic plane curves / |c by Julian Lowell Coolidge. |
| 260 | |a New York : |b Dover, |c 1959. | ||
| 300 | |a xxiv, 513 p. ; |c 21 cm. | ||
| 500 | |a "Unabridged and unaltered republication of the 1st edition [1931]". | ||
| 510 | 4 | |a MR, |c 22 #11302 | |
| 100 | 1 | |a Coolidge, Julian Lowell. | |
| 084 | |a 14 |2 msc2000 | ||
| 859 | |h 14 |i C774 |p A-1153 |b BIB. MATEMATICA | ||
